000 00748nam a2200205 a 4500
001 000042710
005 20201002040335.0
008 140205s1972 sp 000 0 spa d
040 _aDO-SdBNP
_bspa
_cBNPHU
082 _axxx
_bxxx
100 1 _aKeaton, Buster,
_d1895-1966.
_970019
245 1 0 _aBuster contra la infección sentimental /
_ctraducción, selección y montaje: Jos Oliver y José Luis Guarner.
260 _aBarcelona :
_bAnagrama,
_c1972.
300 _a119 p. ;
_c18 cm.
490 1 _aCuadernos Anagrama
_acine
_v32
500 _aIncluye referencias bilbiográficas y notas al pie de las páginas
700 1 2 _aOliver, Jos
_etr.
_970020
700 1 2 _aGuarner, José Luis
_etr.
_970021
830 0 _aCuadernos Anagrama ;
_pcine
_n32
_970022
999 _c42199
_d42199